| 000 | 00502nam a22001817a 4500 | ||
|---|---|---|---|
| 005 | 20230110160406.0 | ||
| 008 | 221220b |||||||| |||| 00| 0 eng d | ||
| 020 | _a978-1032-30661-2 | ||
| 041 | _aeng | ||
| 082 | _a615.19 SIM-I | ||
| 100 |
_aSMIH , H JOHN _97410 |
||
| 245 | _aINTRODUCTION TO THE PRINCIPLES OF DRUG DESIGN AND ACTION | ||
| 250 | _a4th ed. | ||
| 260 |
_aNEW DELHI _bCBS PUBLISHERS & DISTRIBUTORS _c2022 |
||
| 300 | _a658;P. | ||
| 650 |
_aPHARMACY _xB.PHARMA _97083 |
||
| 942 | _cBK | ||
| 999 |
_c8139 _d8137 |
||